000 00424nam a2200169Ia 4500
003 GCL
008 140319s9999 xx 000 0 eng d
040 _aGCL /
_cGCL
082 0 4 _a747
_bL W
100 1 _aLIND, CARLA
245 1 0 _aTHE WRIGHT STYLE /
_cLIND, CARLA
260 _a[S.N] :
_bTHAMES AND HUDSON ،
_c1992
300 _a224
650 0 4 _aINTERIOR DECORATION
650 0 4 _aWRIGHT, FRANK LIOYD
942 _2ddc
_cBK
999 _c24079
_d24079